000
00291nam a22001337a 4500
020
_a
81-7029-485-1
041
_a
ENG
100
_a
Ray.Duncan
245
_a
Advanced Msdos Programming
250
_a
Second ED
260
_a
Delhi
_b
BPB Pub
_c
1994
650
_a
Computer
856
_u
Computer
999
_c
576
_d
576